Stein Aurél emlékezete

Elmentve itt :
Bibliográfiai részletek
Szerző: Ligeti Lajos
Dokumentumtípus: Cikk
Megjelent: 1968
Sorozat:Magyar Tudomány
Kulcsszavak:Stein Aurél, Keletkutatás - Magyarország - 19. sz. - életrajz, Földrajzi felfedezések - magyar - 19. sz. - életrajz
Tárgyszavak:
Online Access:http://misc.bibl.u-szeged.hu/68506
LEADER 00861nab a2200241 i 4500
001 misc68506
005 20230124110317.0
008 220613s1968 hu o 0|| hun d
022 |a 0025-0325 
040 |a SZTE Miscellanea Repozitórium  |b hun 
041 |a hun 
100 1 |a Ligeti Lajos 
245 1 0 |a Stein Aurél emlékezete  |h [elektronikus dokumentum] /  |c  Ligeti Lajos 
260 |c 1968 
300 |a 667-673  |c 25 cm 
300 |a [7] p. 1 t.  |c 25 cm 
490 0 |a Magyar Tudomány 
561 |a Németh Gyula hagyaték 
591 |a LOA 2223;OA 3266, 
650 4 |a Bölcsészettudományok 
650 4 |a Történettudomány és régészet 
695 |a Stein Aurél, Keletkutatás - Magyarország - 19. sz. - életrajz, Földrajzi felfedezések - magyar - 19. sz. - életrajz 
856 4 0 |u http://misc.bibl.u-szeged.hu/68506/1/3266_oa_l66.pdf  |z Dokumentum-elérés